00776cam a2200181Ia 450000100060000000300060000600500170001200800410002903500200007004000230009008200180011324500460013126000480017730000470022550001440027250001210041671000570053784986GBCCL20251127135338.0770927s1971 nyu 000 0 eng d a(OCoLC)03300213 aYUScYUSdOCLdLBB a220.5206bBIB14aThe New English Bible with the Apocrypha. aNew York :bOxford University Press,c1971. axxi, 1166, viii, 275, ix, 336 p. ;c22 cm. a"The publication of the books of the Apocrypha ... prepared under the auspices of the Joint Committee on the New Translation of the Bible." a"The New Testament. First edition 1961. Second edition 1970. The Old Testament and Apocrypha. First published 1970."2 aJoint Committee on the New Translation of the Bible.